000 01417nam a22002295i 4500
001 163581
003 ES-MaACL
005 20250927162554.0
008 951113m18941904sp ax |||| | spa d
040 _aAS
_bspa
_cCCPB | SIC
100 1 _aRivas, Ángel de Saavedra,
_cDuque de,
_d1791-1865
_997550
245 1 0 _aObras completas de D. Angel de Saavedra, Duque de Rivas... /
_ccoleccionadas de nuevo por su hijo Enrique R. de Saavedra.
260 _aMadrid :
_b[s.n.],
_c1894-1904 (
_fEstab. tip. "Sucesores de Rivadeneyra")
300 _a7 v. ;
_c17 cm.
490 1 _aColección de Escritores Castellanos ;
_v105, 108, 113, 115, 117, 120 y 124
505 8 _aT. I. Prólogo ; Biografía ; Poesías varias ; El paso honroso, poema caballeresco ([1] h. de lám., XXXII, 486 p.) -- T. II. Poesías varias ; Florinda, poema (497 p.) -- T. III. El moro expósito (XXXV, 547 p.) -- T. IV. Romances históricos (XXIX, 442 p.) -- T. V. Tragedias y leyendas (428 p.) -- T. VI. Dramas y comedias (401 p.) -- T. VII. Dramas y comedias (505 p.)
599 1 _aLa h. de lám. es un grab. calc. "B. Maura gbó. 1894", retrato del Duque de Rivas.
700 1 _aRivas, Enrique Ramírez de Saavedra y Cueto,
_cDuque de,
_d1826-1914
_997556
830 0 _aColección de Escritores Castellanos ;
_v105, 108, 113, 115, 117, 120 y 124
_9180741
852 _aES-MaACL
_jF-12661-67
_z-- Enc. hol.
999 _c163581
_d163581